00527 2200193 4500001002100000005001500021035002000036007000300056008004100059020002200100082000800122084001400130100001800144245005500162250001100217260004400228300004300272650001800315INLIS00000000000040920241121024443 a0010-1124000066ta241121 d 0 ind  a978-602-04-5192-3 a530 a530 YOH f0 aYohanes Surya1 aFisika Vs Yohanes Surya /cYohanes Surya (Penulis) aCet. 1 aJakarta :bElex Media Komputindo,c2018 a155 hlm :bilustrasi berwarna ;c22 cm 4aFisika; Komik